The theology of the lay state (Registro nro. 70509)
[ vista simple ]
| 000 -LÍDER | |
|---|---|
| Campo fijo de descripción fija | 01125nab a2200229 i 4500 |
| 001 - NÚMERO DE CONTROL | |
| Campo de control | 768714001 |
| 003 - IDENTIFICADOR DEL NÚMERO DE CONTROL | |
| Campo de control | CO-MdFUSB |
| 005 - FECHA Y HORA DE LA ULTIMA TRANSACCIÓN | |
| control field | 20240717162823.0 |
| 008 - ELEMENTOS DE LONGITUD FIJA -- INFORMACIÓN GENERAL | |
| Campo fijo de descripción fija -- Información general | 240717t1966 enk||||| |||| 00| 0 eng d |
| 040 ## - FUENTE DE CATALOGACIÓN | |
| Idioma de catalogación | spa |
| Agencia que realiza la transcripción | CO-MdFUSB |
| Agencia que realiza la modificación | CO-MdFUSB |
| 041 ## - CÓDIGO DE IDIOMA | |
| Código de idioma para texto/pista de sonido o título separado | eng |
| 100 ## - ASIENTO PRINCIPAL--NOMBRE PERSONAL | |
| Nombre personal | Davis, Charles, |
| Término relacionador | autor |
| 245 ## - TÍTULO | |
| Título | The theology of the lay state |
| Mención de responsabilidad | / Charles Davis |
| 520 ## - NOTA DE RESUMEN, ETC. | |
| Nota de sumario, etc. | La teología del Estado secular se limita a principios abstractos y universales. Es más que un análisis y ordenamiento de conceptos abstractos, sino una reflexión teológica sobre la estructura institucional concreta de la iglesia, estructura que, aunque mantiene siempre algunas de las mismas características, es históricamente contingente y variable. |
| 546 ## - NOTA DE IDIOMA | |
| Nota de idioma | Texto en inglés. |
| 650 #7 - ASIENTO SECUNDARIO DE MATERIA - TERMINO TEMÁTICO | |
| Término temático o nombre geográfico como elemento de entrada | Iglesia |
| 9 (RLIN) | 655 |
| 650 #7 - ASIENTO SECUNDARIO DE MATERIA - TERMINO TEMÁTICO | |
| Término temático o nombre geográfico como elemento de entrada | Secularización (Teología) |
| 9 (RLIN) | 6926 |
| 650 #7 - ASIENTO SECUNDARIO DE MATERIA - TERMINO TEMÁTICO | |
| Término temático o nombre geográfico como elemento de entrada | Teología dogmática |
| 9 (RLIN) | 6937 |
| 773 0# - ASIENTO DE ITEM FUENTE | |
| Biblionumber | 70507 |
| Itemnumber | 82827 |
| Lugar, editorial y fecha de publicación | Londres : Board, 1966. |
| Otro identificador del ítem | R2679 |
| Título | Concilium : |
| Número de control del registro | (CO-MdFUSB)768714001 |
| Número Internacional Normalizado para Publicaciones Seriadas (ISSN) | 0010-5236 |
| Parte(s) relacionada(s) / Volumen., número. (mes año), páginas | Volumen 3, (número 2, 1967), páginas: 75 - 76 |
| Enumeración y primera página | página: 75 |
| 942 ## - TIPO DE MATERIAL (KOHA) | |
| Tipo de Item KOHA | Artículos de Revista |
| 945 ## - INFORMACIÓN LOCAL DEL REGISTRO | |
| Catalogador | Catherine Arias Álvarez - Practicante SENA |
No hay ítems disponibles.
